Annual bulletin of electric energy statistics for Europe 1978

Salvato in:
Dettagli Bibliografici
Natura: Libro
Lingua:inglese
Pubblicazione: New York United Nations 1979
Tags: Aggiungi Tag
Nessun Tag, puoi essere il primo ad aggiungerne!!

MARC

LEADER 00000nam a2200000 4500
001 0222713
005 20240822101701.5
041 0 |a eng 
044 |a US 
245 1 0 |a Annual bulletin of electric energy statistics for Europe 1978 
264 1 |a New York  |b United Nations  |c 1979 
300 |a 99 s.